000 00487nam a2200169Ia 4500
005 20250923144905.0
008 008 250917s9999 xx 000 0 eng d
037 _aTextual
040 _aDSWL
_beng
_cDSWL
041 _aeng
_2eng
084 _aY12z7, J9.3
_qDSWL
245 4 _aThe family its function and destiny
_cEd. by Ruth Anshen
260 _aNew York
_bHarper and Brothers
_c1959
300 _axx,538p.
942 _cTEXL
_hY12z7, J9.3
999 _c1444636
_d1444636